000 00320 a2200145 4500
001 161705
020 _a
040 _cMagnum
100 _aLapate, Vagner
240 1 0 _aAids - educando para a vida
_lpor
245 1 0 _aAids - educando para a vida
362 0 _a1899
697 _aCIENCIAS MEDICAS SAUDE
942 _cBK
999 _c161705
_d161705